Dynamics of structures: theory and applications to earthquake engineering (Registro nro. 22159)

Detalles MARC
000 -Cabecera
Campo de control interno 00528nam a22002057a 4500
005 - Fecha y hora del registro
control field 20260330112815.0
008 - Elementos de Longitud Fija
fixed length control field 260330b |||||||| |||| 00| 0 spa d
041 ## - Idioma
Codigo Idioma Inglés
082 ## - DEWEY y NOTACIÓN INTERNA
Dewey 624.1762
Notación Interna CH566
100 ## - AUTOR
Autor denominación Chopra, Anil K.
Término de relación autor
245 ## - TÍTULO DE MATERIAL BIBLIOGRÁFICO
Título Dynamics of structures: theory and applications to earthquake engineering
260 ## - CIUDAD, EDITORIAL, AÑO
Ciudad :
Nombre de la Editorial ,
Año 2017
300 ## - DESCRIPCIÓN
N° Páginas xxxi, 960 páginas :
Otros detalles ;
Dimensiones 26 cm.
440 ## - MENCIÓN DE SERIE
Título de la Serie ;
650 ## - TEMAS
Temas Tecnología (Ciencias Aplicadas)
654 ## - PROGRAMAS
Programa Dpto. de Ingeniería Electrónica y Telecomunicaciones
700 ## - OTROS AUTORES
Otros autores ;
942 ## - ELEMENTOS DE KOHA
Tipo de documento Libro
Nombre del creador Justo Noguera
Código de catalogador Justo Noguera
Suppress in OPAC No
Esquema de clasificación Dewey Decimal Classification
Existencias
Codigo completo Registro Colección Copia número Disponibilidad Tipo de préstamo Biblioteca Actual Procedencia (Biblioteca) Ubicacón Fecha Ingreso Tipo de Adquisición Date last seen Total checkouts Price effective from Tipo de Item Estado del Material Fuente de Clasificación Damaged status Withdrawn status
624.1762 CH566 1061154 Universidad Católica San Pablo 1 Disponible Disponible Víctor Andrés Belaunde Víctor Andrés Belaunde Planta baja abierta 30/03/2026 Compra 15/04/2026   30/03/2026 Libro Bueno Dewey Decimal Classification